L'importanza di chiamarsi Ernest /

Đã lưu trong:
Chi tiết về thư mục
Tác giả chính: Mole, Charlie (Nhà soạn nhạc)
Tác giả khác: Wilde, Oscar (Người viết kịch bản), Everett, Rupert (Diễn viên), Parker, Oliver (Giám đốc), Wilkinson, Tom (Diễn viên), O'Connor, Frances (Diễn viên), Firth, Colin (Diễn viên), Witherspoon, Reese (Diễn viên), Dench, Judi (Diễn viên)
Định dạng: Slide
Ngôn ngữ:Tiếng Italy
Tiếng Anh
Được phát hành: Segrate : Medusa video [distributore], [2003]
Những chủ đề:
Các nhãn: Thêm thẻ
Không có thẻ, Là người đầu tiên thẻ bản ghi này!

MARC

LEADER 00000ngm a22000007i 4500
001 IT\ICCU\MOD\0840296
003 ItRI
005 20260124182816.0
008 031215s2003 it |||||||||||||||k|||||c
024 3 1 |a 8010020095575  |b versione per il noleggio 
028 4 2 |a D095508 
040 |b ita 
041 7 |a ita  |a eng  |2 ISO-639-2 
082 |a 791.43  |9 CINEMA  |2 14 
130 4 |a The importance of being Ernest <film ; 2002>  |3 IT\ICCU\MOD\0837958 
245 0 2 |a L'importanza di chiamarsi Ernest /  |c un film di Oliver Parker ; musiche Charlie Mole ; sceneggiatura Oliver Parker, Oscar Wilde. 
260 |a Segrate :  |b Medusa video [distributore],  |c [2003] 
300 |a 1 DVD (ca. 91 min) 
500 |a Caratteristiche tecniche: regione 2; PAL; 2.35:1 panoramico, ottimizzato per tv 16/9 e 4/3; Dolby digital 5.1 
500 |a Lingue: italiano, inglese; sottotitoli: italiano per non udenti, inglese 
500 |a Titolo del contenitore 
500 |a Produzione cinematografica: Francia, Gran Bretagna, USA, 2002 
500 |a Interpreti: Rupert Everett, Colin Firth, Frances O'Connor, Reese Witherspoon, Judi Dench, Tom Wilkinson 
500 |a Contenuti extra: trailer italiano e originale, backstage, speciale, interviste, cast artistico e tecnico, doppiatori 
500 |a Data da cataloghi editoriali online. 
650 7 |a Film inglesi  |2 scbi 
650 7 |a Film commedia 
700 1 |a Wilde, Oscar  |0 IT\ICCU\CFIV\000261  |4 sce 
700 1 |a Everett, Rupert  |0 IT\ICCU\RAVV\089849  |4 act 
700 1 |a Parker, Oliver  |0 IT\ICCU\RAVV\104043  |4 drt 
700 1 |a Wilkinson, Tom  |0 IT\ICCU\RAVV\220872  |4 act 
700 1 |a O'Connor, Frances  |0 IT\ICCU\RAVV\225259  |4 act 
700 1 |a Firth, Colin  |0 IT\ICCU\UBOV\490631  |4 act 
700 1 |a Mole, Charlie  |0 IT\ICCU\UBOV\495841  |4 cmp 
700 1 |a Witherspoon, Reese  |0 IT\ICCU\UBOV\495876  |4 act 
700 1 |a Dench, Judi  |0 IT\ICCU\UBOV\636484  |4 act 
790 0 |a C.3.3.  |3 IT\ICCU\BVEV\134340  |z Wilde, Oscar 
790 1 |a Wilde, Oscar Fingal OʼFlaherty Wills  |3 IT\ICCU\FERV\075121  |z Wilde, Oscar 
942 |2 ddc  |c VM  |n 0 
952 |0 0  |1 0  |4 0  |6 VO_1071_000000000000000  |7 0  |9 26627  |a BO  |b BO  |d 2026-01-24  |i 10862  |l 0  |o VO 1071  |p BO10862  |r 2026-01-24 18:28:16  |w 2026-01-24  |x [Sebina 5] [1 dvd]  |y VM  |z 1 dvd 
952 |0 0  |1 0  |4 0  |6 VO_1631_000000000000000  |7 0  |9 26628  |a BO  |b BO  |d 2026-01-24  |i 12247  |l 0  |o VO 1631  |p BO12247  |r 2026-01-24 18:28:16  |w 2026-01-24  |x [Sebina 5] [1 dvd]  |y VM  |z 1 dvd 
999 |c 22520  |d 22520